000 01685nam0a2200313 4500
001 RU\NLR\bibl\92987
005 20260407104726.0
010 _a5-7924-0045-8
_9500
021 _aRU
_b2000-2549
_9127
035 _a(NLR Aleph) 000090865
090 _a509744
_c509744
100 _a20000619d1999 |||y0rusy50 ca
101 0 _arus
102 _aRU
105 _ay |||||||||
200 1 _aЭкологическое право
_eУчеб.-метод. пособие
_e[Для студентов вузов, учащихся колледжей, слушателей курсов повышения квалификации, изуч. "Экол. право"]
_fМ-во общ. и проф. образования Рос. Федерации, Сарат. гос. акад. права
_g[Сост. К.Г. Пандаков и др.
_gПод ред. В.Н. Демьяненко, К.Г. Пандакова]
210 _aСаратов
_cИзд-во Сарат. гос. акад. права
_d1999
215 _a217,[1] с.
_d20
606 0 _aЭкологическое право
_jРуководства, пособия и т.п.
_yРоссийская Федерация
_92073085
_3RU\NLR\auth\661247957
686 _aХ625.9я7
702 1 _aПандаков
_bК. Г.
_gКонстантин Григорьевич
_4220
702 1 _aДемьяненко
_bВ. Н.
_4340
712 0 2 _4570
_aСаратовская государственная академия права
_3RU\NLR\AUTH\889935754
_9366376
801 0 _aRU
_bNLR
_c20000619
_gPSBO
801 1 _aRU
_bNLR
_c20000619
852 _aNLR
_j2000-3/4911
942 _cBOOK
980 _aNB